| 000 | 00559nam a2200181 a 4500 | ||
|---|---|---|---|
| 005 | 20231101063625.0 | ||
| 008 | 991125s1957 mx 000 0 spa u | ||
| 035 | _aUPN01000020391 | ||
| 049 | _aF | ||
| 050 | 4 |
_aPQ7297 C3.9 _bE6.5 |
|
| 100 | 1 |
_aCarniado Peralta, Enrique, _d1895-1957 _942850 |
|
| 245 | 1 | 0 |
_aEpístola a Fuensanta / _cEnrique Carniado ; il. de Edmundo Calderón. |
| 260 |
_aToluca : _b[s.n.], _c1957. |
||
| 300 | _a[28] p., [2] h. de láms. | ||
| 440 | 0 | _aCuadernos del Estado de México | |
| 650 | 4 |
_aPoesía mexicana _91273 |
|
| 905 | _aLibro | ||
| 999 |
_c20391 _d20391 |
||